| 000 | 00808cam a2200241 4500 | ||
|---|---|---|---|
| 999 |
_c216092 _d216092 |
||
| 003 | OSt | ||
| 005 | 20260114105616.0 | ||
| 008 | 170619n 000 0 eng u | ||
| 020 | _a9241545429 | ||
| 035 | _a(Sirsi) a203562 | ||
| 040 | _cUNZA | ||
| 050 |
_aR123 _bINT 2001 |
||
| 090 | _aSPR MED NKH 2016 | ||
| 245 |
_aInternational classification of functioning, disability and health : _cWorld Health Organization _bICF |
||
| 260 |
_aGeneva : _bWorld Health Organization, _c2001. |
||
| 300 | _aiii, 299 pages. | ||
| 502 | _aThe aim of the study was to explore the experience | ||
| 650 | _aPaediatrics | ||
| 650 |
_aHuman Physiology _vclassification _vSoftware |
||
| 650 |
_aHuman anatomy _vClassification _vSoftware |
||
| 650 |
_aDisability evaluation _vClassification _vSoftware |
||
| 942 |
_2lcc _cBOOK |
||